Statistics for Recognize Country by Former Flag #1

Click here to take the quiz!

General Stats

  • This quiz has been taken 1,112 times
  • The average score is 7 of 12

Answer Stats

HintAnswer% Correct
HTML tutorial United States
92%
HTML tutorial France
85%
HTML tutorial China
83%
HTML tutorial Libya
80%
HTML tutorial Ethiopia
70%
HTML tutorial Germany
66%
HTML tutorial Malawi
61%
HTML tutorial Macedonia
50%
HTML tutorial Montenegro
45%
HTML tutorial Georgia
38%
HTML tutorial Lesotho
38%
HTML tutorial Myanmar
37%

Score Distribution

Percentile by Number Answered

Percent of People with Each Score

Your Score History

You have not taken this quiz